Music Quiz

Random Music or Rock Quiz

Odd One Out: Rock Bands Quiz Stats

 Plays Quiz Updated Jun 28, 2018

Challenge
Share
Tweet
Score 0/18 Timer 05:00
4 Plays Today
% Correct
B is correct! That's Andy Summers of The Police
91%
B is correct! That's Noodles of The Offspring
80.6%
B is correct! That's Jerry Cantrell of Alice in Chains fame
79.6%
D is correct! That's Ringo Starr of The Beatles
73.9%
A is correct! That's Peter Garrett of Midnight Oil
72.5%
B is correct! That's Scott Ian of Anthrax
71.3%
D is correct! That's Keith Moon of The Who
66.1%
Wearing a bandana doesn't make you Axl Rose! That's Bret Michaels of Poison
61.5%
B is correct! That's Stone Gossard of Pearl Jam
60.4%
% Correct
C is correct! That's Roger Glover of Deep Purple fame
57.6%
C is correct! That's Pete Townshend of The Who
57.3%
C is Correct! That's Robert Trujillo of Metallica
57%
D is correct! That's Neil Peart of Rush
54.8%
B is correct! That's Bob Mould of Hüsker Dü
52.5%
B is correct! That's Izzy Stradlin of Guns N'Roses fame
52%
D is correct! That's Tico Torres of Bon Jovi
34.6%
A is correct! That's Phil Anselmo of Pantera fame
29.7%
C is correct! That's David Ellefson of Megadeth
25.5%

You're not logged in!

Compare scores with friends on all Sporcle quizzes.
Join for Free
OR
Log In

You Might Also Like...

Show Comments

Extras

Top Quizzes Today


Score Distribution

Your Account Isn't Verified!

In order to create a playlist on Sporcle, you need to verify the email address you used during registration. Go to your Sporcle Settings to finish the process.

Report this User

Report this user for behavior that violates our Community Guidelines.

Details: